Ο Δήμιος του Έρωτα και Άλλες Ιστορίες Ψυχοθεραπείας (Record no. 9740)
[ view plain ]
| 000 -LEADER | |
|---|---|
| fixed length control field | 01587cam a22002174a 4500 |
| 005 - ΗΜΕΡΟΜΗΝΙΑ ΚΑΙ ΩΡΑ ΤΕΛΕΥΤΑΙΑΣ ΕΝΗΜΕΡΩΣΗΣ | |
| Πεδίο ελέγχου | 20260120114424.0 |
| 008 - FIXED-LENGTH DATA ELEMENTS--GENERAL INFORMATION | |
| Πεδίο ελέγχου σταθερού μήκους | 250528s ||||||||||||||||||||||||d |
| 035 ## - SYSTEM CONTROL NUMBER | |
| System control number | 24905 |
| 020 ## - ISBN | |
| ISBN | 9789603255130 |
| 040 ## - ΠΗΓΗ ΚΑΤΑΛΟΓΟΓΡΑΦΗΣΗΣ | |
| Φορέας πρωτότυπης καταλογογράφησης | MC Athens Campus Library |
| Γλώσσα καταλογογράφησης | Ελληνικά, Μοντέρνα (1453-) |
| Modifying agency | MC Athens Campus Library |
| Κανόνες περιγραφικής καταλογογράφησης | AACR2 |
| 245 1# - ΤΙΤΛΟΣ ΚΑΙ ΔΗΛΩΣΗ ΥΠΕΥΘΥΝΟΤΗΤΑΣ | |
| Τίτλος | Ο Δήμιος του Έρωτα και Άλλες Ιστορίες Ψυχοθεραπείας |
| 260 ## - PUBLICATION, DISTRIBUTION, ETC. | |
| Name of publisher, distributor, etc. | Άγρα, |
| Date of publication, distribution, etc. | 2018 |
| 300 ## - PHYSICAL DESCRIPTION | |
| Extent | 400 |
| 520 ## - SUMMARY, ETC. | |
| Summary, etc. | Σ'αυτή τη σπάνια περιγραφή του αφοσιωμένου θεραπευτή την ώρα της δουλειάς του, ένας δάσκαλος της ψυχιατρικής έρχεται ανοιχτά αντιμέτωπος όχι μόνο με τα Δικά του συναισθήματα και Σφάλματα αλλά και με την Αβεβαιότητα που υπάρχει στην καρδιά της θεραπευτικής σχέσης. Ευχαριστίες, Πρόλογος, Ο Δήμιος του Έρωτα, Αν Ήταν Νόμιμος ο Βιασμός, Η Χοντρή Κυρία, Λάθος Παιδί Πέθανε, Ποτέ δεν Φανταζόμουν Πώς θα Συμβεί σε Μένα, Όχι με το Μαλακό, Δύο Χαμόγελα, Τρία Κλειστά Γράμματα, Ψυχοθεραπευτική Μονογαμία, Αναζητώντας τον Ονειρευτή. |
| 700 1# - ΠΡΟΣΘΕΤΗ ΑΝΑΓΡΑΦΗ--ΦΥΣΙΚΟ ΠΡΟΣΩΠΟ | |
| Personal name | Yalom, Irvin D. |
| 9 (RLIN) | 4139 |
| 700 1# - ΠΡΟΣΘΕΤΗ ΑΝΑΓΡΑΦΗ--ΦΥΣΙΚΟ ΠΡΟΣΩΠΟ | |
| Personal name | Ανδριτσάνου Ευαγγελία |
| 9 (RLIN) | 9659 |
| 700 1# - ΠΡΟΣΘΕΤΗ ΑΝΑΓΡΑΦΗ--ΦΥΣΙΚΟ ΠΡΟΣΩΠΟ | |
| Personal name | Ζερβάς Γιάννης |
| 9 (RLIN) | 4131 |
| 942 ## - ADDED ENTRY ELEMENTS (KOHA) | |
| Koha item type | Books |
| Τύπος τεκμηρίου | Βιβλιοθήκη | Τρέχουσα τοποθεσία | Barcode | Αριθμός εισαγωγής | Ημερομηνία απόκτησης | Ταξιθετικό σύμβολο | Αριθμός αντιτύπου | Κατάσταση απόσυρσης | Κατάσταση χαμένου | Κατάσταση κατεστραμμένου | Μη δανεισμός | Σύνολο δανεισμών | Ημερομηνία τελευταίας εμφάνισης | Η τιμή ισχύει από |
|---|---|---|---|---|---|---|---|---|---|---|---|---|---|---|
| Books | MC Athens Campus Library | MC Athens Campus Library | 9780000097392 | 7439 | 05/06/2025 | 616.8914 YAL | 1 | 05/06/2025 | 05/06/2025 |